[Event "Calvia ol (Men)"]
[Site "Mallorca (Spain)"]
[Date "2004.10.20"]
[Round "6.36"]
[White "Maki-Uuro, Miikka"]
[Black "Byambaa, Zulzaga"]
[Result "1-0"]
[WhiteElo "2390"]
[BlackElo "2299"]
[PlyCount "71"]
[EventDate "2004.10.15"]

1. Nf3 Nf6 2. c4 c5 3. Nc3 d5 4. cxd5 Nxd5 5. d4 cxd4 6. Qxd4 Nxc3 7. Qxc3 Nc6
8. e4 e6 9. Bb5 Qb6 10. Bxc6+ Qxc6 11. Qxc6+ bxc6 12. O-O Be7 13. Be3 Bb7 14.
Rac1 c5 15. Nd2 Rc8 16. f3 Ba6 17. Nc4 O-O 18. Rfd1 Rfd8 19. Rxd8+ Rxd8 20. Kf2
f6 21. b3 Kf7 22. Nb2 Bb5 23. Ke1 Rc8 24. b4 c4 25. Bd2 Rc6 26. a4 c3 27. Rxc3
Bxb4 28. Rxc6 Bxd2+ 29. Kxd2 Bxc6 30. Kc3 Ke7 31. Kb4 Kd6 32. Nc4+ Kc7 33. a5
a6 34. Kc5 g5 35. g3 e5 36. h4 1-0

[Event "Calvia ol (Men)"]
[Site "Mallorca (Spain)"]
[Date "2004.10.20"]
[Round "6.36"]
[White "Altanoch, Genden"]
[Black "Molander, Riku"]
[Result "0-1"]
[WhiteElo "2279"]
[BlackElo "2328"]
[PlyCount "44"]
[EventDate "2004.10.15"]

1. d4 d6 2. c4 e5 3. Nf3 exd4 4. Nxd4 g6 5. Nc3 Bg7 6. e4 Ne7 7. h4 h6 8. h5 g5
9. Be2 Nbc6 10. Nc2 Be6 11. Ne3 Qd7 12. g4 Ne5 13. Ncd5 c6 14. Nxe7 Qxe7 15.
Bd2 O-O 16. Bb4 Nxc4 17. Nxc4 Bxc4 18. Bxd6 Qxe4 19. f3 Qe3 20. Bxf8 Be5 21.
Qd2 Bg3+ 22. Kd1 Rd8 0-1

[Event "Calvia ol (Men)"]
[Site "Mallorca (Spain)"]
[Date "2004.10.20"]
[Round "6.47"]
[White "Mahjoob, Morteza"]
[Black "Pukkila, Markku"]
[Result "1/2-1/2"]
[WhiteElo "2455"]
[BlackElo "2181"]
[PlyCount "172"]
[EventDate "2004.10.15"]

1. c4 e5 2. Nc3 Nf6 3. Nf3 Nc6 4. d4 exd4 5. Nxd4 Bb4 6. Bg5 Bxc3+ 7. bxc3 h6
8. Bh4 d6 9. f3 Ne5 10. e4 O-O 11. Nc2 Re8 12. Ne3 Ng6 13. Bf2 c6 14. Be2 d5
15. exd5 cxd5 16. Qd4 Be6 17. c5 Nd7 18. O-O Qa5 19. Bg3 Qd8 20. f4 f5 21. Bf3
Ne7 22. Bh4 Qc8 23. Bxe7 Rxe7 24. Bxd5 Qxc5 25. Bxe6+ Rxe6 26. Qxc5 Nxc5 27.
Nd5 Rd8 28. Rad1 Red6 29. Ne3 Rd2 30. Rfe1 R8d7 31. a3 b5 32. g3 Kf7 33. Rxd2
Rxd2 34. Nxf5 Kf6 35. Nd4 a6 36. Re5 Na4 37. Re6+ Kf7 38. Rxa6 Nxc3 39. Nf5 Ra2
40. Nd6+ Ke7 41. Rb6 Rxa3 42. Nxb5 Rb3 43. Nxc3 Rxc3 44. Kg2 Rc2+ 45. Kg1 Kf7
46. Rd6 Ke7 47. Rd1 Kf6 48. Rf1 Kf5 49. Rf2 Rc1+ 50. Kg2 g5 51. Ra2 Rc5 52. Ra6
Rc2+ 53. Kf3 Rc3+ 54. Kf2 gxf4 55. Rxh6 Rc2+ 56. Kf3 Rc3+ 57. Kg2 fxg3 58. hxg3
Kg5 59. Ra6 Rb3 60. Kh3 Rb4 61. Ra5+ Kg6 62. g4 Rc4 63. Kh4 Rb4 64. Rg5+ Kh6
65. Ra5 Kg6 66. Ra6+ Kg7 67. Kh5 Rb5+ 68. g5 Rb1 69. Ra7+ Kg8 70. Rc7 Ra1 71.
Re7 Kf8 72. Rd7 Kg8 73. Kg4 Ra4+ 74. Kf5 Ra5+ 75. Kg6 Ra6+ 76. Kh5 Rc6 77. Re7
Ra6 78. Kg4 Kf8 79. Re5 Kf7 80. Kf5 Rb6 81. Ra5 Kg7 82. Rd5 Ra6 83. Rd7+ Kf8
84. g6 Ra1 85. Rd5 Kg7 86. Rd7+ Kg8 1/2-1/2

[Event "Calvia ol (Women)"]
[Site "Calvia, Mallorca (Spain)"]
[Date "2004.10.20"]
[Round "6.28"]
[White "Puuska, Heini"]
[Black "Castillo, Dina Lisette"]
[Result "1-0"]
[WhiteElo "2023"]
[BlackElo "2043"]
[PlyCount "81"]
[EventDate "2004.10.15"]

1. d4 d5 2. c4 e6 3. Nc3 Nf6 4. cxd5 exd5 5. Bg5 Be7 6. e3 c6 7. Bd3 Nbd7 8.
Nge2 Nf8 9. Qc2 Nh5 10. Bxe7 Qxe7 11. O-O-O Nf6 12. Nf4 Bd7 13. Kb1 Ne6 14.
Rhe1 O-O 15. g4 b5 16. Nxe6 Bxe6 17. g5 Nd7 18. Bxh7+ Kh8 19. Bd3 Qxg5 20. f4
Qh4 21. f5 Bxf5 22. Bxf5 Nb6 23. Bd3 a5 24. Rf1 Qe7 25. Qg2 g6 26. Qf3 Kg7 27.
Ne2 Nc4 28. Bxc4 bxc4 29. Nc3 Rab8 30. Ka1 a4 31. a3 Rb6 32. e4 Rfb8 33. Rd2
dxe4 34. Qxe4 Qf8 35. Qe5+ Kg8 36. Qc5 Qe8 37. Re2 Qc8 38. Qxc4 R8b7 39. Rfe1
Qf5 40. d5 cxd5 41. Qd4 1-0

[Event "Calvia ol (Men)"]
[Site "Mallorca (Spain)"]
[Date "2004.10.22"]
[Round "7.29"]
[White "Karttunen, Mika"]
[Black "Haznedaroglu, Kivanc"]
[Result "1/2-1/2"]
[WhiteElo "2413"]
[BlackElo "2394"]
[PlyCount "105"]
[EventDate "2004.10.15"]

1. d4 d5 2. c4 c6 3. Nf3 Nf6 4. e3 Bf5 5. Nc3 e6 6. Nh4 Bg6 7. Qb3 Qb6 8. Bd2
Nbd7 9. Nxg6 hxg6 10. Be2 Be7 11. h3 O-O 12. O-O Rac8 13. c5 Qc7 14. Qc2 e5 15.
f4 exd4 16. exd4 Ne4 17. Nxe4 dxe4 18. Qxe4 Nf6 19. Qf3 Rcd8 20. Bc3 Nd5 21. g3
Bf6 22. Rfe1 b6 23. cxb6 Qxb6 24. Bf1 c5 25. Rab1 Bxd4+ 26. Kh1 Bxc3 27. bxc3
Qa5 28. c4 Nb4 29. a3 Nc2 30. Rec1 Nd4 31. Qc3 Qa6 32. Re1 Rfe8 33. Bg2 Rb8 34.
Rxe8+ Rxe8 35. Bd5 Qc8 36. g4 Re7 37. Re1 Qe8 38. Rxe7 Qxe7 39. Kh2 Qe2+ 40.
Bg2 Kh7 41. Kg3 a5 42. a4 Qd1 43. Qxa5 Ne2+ 44. Kf2 Nxf4 45. Bf1 Qd4+ 46. Kf3
Ne6 47. Qe1 Qb2 48. a5 Qh2 49. Qf2 Nd4+ 50. Ke3 Qc7 51. a6 Qb6 52. a7 Qxa7 53.
Qh4+ 1/2-1/2

[Event "Calvia ol (Men)"]
[Site "Mallorca (Spain)"]
[Date "2004.10.22"]
[Round "7.29"]
[White "Erdogdu, Mert"]
[Black "Lehtinen, Heikki"]
[Result "1-0"]
[WhiteElo "2393"]
[BlackElo "2420"]
[PlyCount "41"]
[EventDate "2004.10.15"]

1. e4 d6 2. d4 Nf6 3. Nc3 g6 4. Bg5 h6 5. Bh4 Bg7 6. Qd2 Nbd7 7. f4 c5 8. d5
Qb6 9. Rb1 Qb4 10. a3 Qa5 11. Nf3 O-O 12. Be2 Re8 13. O-O Qc7 14. Rbe1 a6 15.
a4 Nf8 16. e5 N6d7 17. e6 fxe6 18. dxe6 Nf6 19. Bc4 b6 20. Bxf6 Bxf6 21. Nd5
1-0

[Event "Calvia ol (Men)"]
[Site "Mallorca (Spain)"]
[Date "2004.10.22"]
[Round "7.29"]
[White "Maki-Uuro, Miikka"]
[Black "Yilmaz, Turhan"]
[Result "1/2-1/2"]
[WhiteElo "2390"]
[BlackElo "2361"]
[PlyCount "81"]
[EventDate "2004.10.15"]

1. Nf3 Nf6 2. c4 g6 3. Nc3 Bg7 4. e4 d6 5. d4 O-O 6. Be2 Bg4 7. Be3 Nfd7 8. Rc1
e5 9. d5 Bxf3 10. Bxf3 f5 11. h4 f4 12. Bd2 Nc5 13. Rb1 a5 14. h5 Nbd7 15. hxg6
hxg6 16. Bg4 Nf6 17. Bh3 Kf7 18. Qf3 Rh8 19. Ke2 c6 20. g3 Rxh3 21. Rxh3 g5 22.
g4 cxd5 23. cxd5 Qd7 24. a4 b5 25. axb5 Nb3 26. Ke1 Nd4 27. Qg2 Nxg4 28. f3 Nf6
29. Rh1 Kg6 30. Ne2 Nxe2 31. Qxe2 Rb8 32. Bxa5 Rxb5 33. b4 Rb8 34. Rc1 Bh6 35.
Rc6 g4 36. fxg4 Kg5 37. Qf3 Rg8 38. Qh3 Rh8 39. Qf3 Rg8 40. Qh3 Rh8 41. Qf3
1/2-1/2

[Event "Calvia ol (Men)"]
[Site "Mallorca (Spain)"]
[Date "2004.10.22"]
[Round "7.29"]
[White "Atakisi, Umut"]
[Black "Molander, Riku"]
[Result "0-1"]
[WhiteElo "2304"]
[BlackElo "2328"]
[PlyCount "116"]
[EventDate "2004.10.15"]

1. e4 c5 2. Nf3 d6 3. d4 cxd4 4. Nxd4 Nf6 5. Nc3 Nc6 6. Bg5 e6 7. Qd2 a6 8.
O-O-O Bd7 9. f4 Be7 10. Nf3 b5 11. Bxf6 gxf6 12. Kb1 Qb6 13. g3 O-O-O 14. f5
Kb8 15. fxe6 fxe6 16. Bh3 Bc8 17. Qe1 Rhe8 18. Ne2 Ne5 19. Rf1 Nc4 20. Qf2 Qxf2
21. Rxf2 d5 22. exd5 Bc5 23. Nfd4 Rxd5 24. Rxf6 Red8 25. c3 e5 26. Bxc8 Kxc8
27. Rc1 exd4 28. cxd4 Be7 29. Rf7 Bg5 30. b3 Bxc1 31. bxc4 R5d7 32. Rxd7 Kxd7
33. Kxc1 bxc4 34. Kd2 Kc6 35. Kc3 Kb5 36. Nf4 Re8 37. Nd5 Re2 38. Nc7+ Kb6 39.
Nd5+ Kc6 40. Kxc4 Rxh2 41. a4 Rg2 42. Nf6 Rxg3 43. d5+ Kb6 44. Nxh7 Rg4+ 45.
Kb3 Kc5 46. Nf6 Rg3+ 47. Kc2 Rf3 48. Ne4+ Kxd5 49. Nd2 Ra3 50. Nb1 Rh3 51. Nd2
Kc5 52. Nb1 Kb4 53. Nd2 Kxa4 54. Kb2 Kb4 55. Kc2 a5 56. Kb2 a4 57. Ka1 Rh1+ 58.
Nb1 Rh2 0-1

[Event "Calvia ol (Men)"]
[Site "Mallorca (Spain)"]
[Date "2004.10.22"]
[Round "7.47"]
[White "Pukkila, Markku"]
[Black "Tissir, Mohamed"]
[Result "0-1"]
[WhiteElo "2181"]
[BlackElo "2394"]
[PlyCount "78"]
[EventDate "2004.10.15"]

1. e4 c5 2. Nf3 Nc6 3. d4 cxd4 4. Nxd4 Qb6 5. Nb5 Nf6 6. Be3 Qd8 7. f3 a6 8.
N5c3 e6 9. a4 d5 10. exd5 Nxd5 11. Nxd5 exd5 12. Bd3 Bd6 13. O-O O-O 14. Nd2
Qf6 15. f4 Qxb2 16. Qh5 f5 17. Qf3 Ne7 18. Nb3 Qf6 19. Rfe1 Qf7 20. Rab1 Kh8
21. Nc5 Nc6 22. c3 Re8 23. Qf2 h6 24. g3 Re7 25. Bf1 Rb8 26. Qd2 Qf8 27. Nb3
Be6 28. Nd4 Bd7 29. Nb3 Rbe8 30. Kf2 Re4 31. Bg2 Rxa4 32. Bxd5 Be6 33. Bxe6
Rxe6 34. Nd4 Nxd4 35. Bxd4 Rxe1 36. Qxe1 Ra2+ 37. Kg1 Qf7 38. Rd1 Bf8 39. Qe5
Qh5 0-1

[Event "Calvia ol (Women)"]
[Site "Mallorca (Spain)"]
[Date "2004.10.22"]
[Round "7.17"]
[White "Nguyen, Thi Thanh An"]
[Black "Sammalvuo, Niina"]
[Result "1/2-1/2"]
[WhiteElo "2345"]
[BlackElo "2282"]
[PlyCount "150"]
[EventDate "2004.10.15"]

1. d4 Nf6 2. c4 e6 3. g3 d5 4. Bg2 Be7 5. Nf3 O-O 6. O-O dxc4 7. Qc2 a6 8. Qxc4
b5 9. Qc2 Bb7 10. Bf4 Nc6 11. Rc1 Rc8 12. Nc3 Nb4 13. Qd2 Ne4 14. Qd1 c5 15. a3
Nxc3 16. bxc3 Nd5 17. Bd2 Nf6 18. Bf4 Be4 19. a4 b4 20. Qd2 a5 21. dxc5 Bxc5
22. cxb4 Bxb4 23. Qb2 Nd5 24. Be5 f6 25. Bd4 e5 26. Rxc8 Qxc8 27. Rc1 Qd7 28.
Bc5 Bxc5 29. Rxc5 Qxa4 30. Qd2 Nb4 31. Bh3 Qa1+ 32. Rc1 Qa3 33. Be6+ Kh8 34.
Rc3 Qa1+ 35. Kg2 Nc6 36. Qd6 Re8 37. Rxc6 Bxc6 38. Qxc6 Rd8 39. Bd5 Qa3 40. e4
Qd6 41. Qb5 Qb4 42. Qxb4 axb4 43. Nd2 Rc8 44. Kf3 Rc3+ 45. Ke2 g6 46. f4 Kg7
47. fxe5 fxe5 48. Kd1 h5 49. Ke2 g5 50. Bb3 Kf6 51. Kf2 g4 52. Bd5 Kg5 53. Ke2
h4 54. Kf2 hxg3+ 55. hxg3 Rd3 56. Nb3 Rf3+ 57. Kg2 Kf6 58. Na5 Ra3 59. Nb3 Ra2+
60. Kf1 Ke7 61. Nc5 Rd2 62. Ke1 Rg2 63. Nd3 Rxg3 64. Nxb4 Rf3 65. Ke2 Rf8 66.
Bc4 Kd6 67. Nd5 Rb8 68. Ne3 Rb4 69. Bd3 Kc5 70. Ng2 Rb3 71. Ne3 Kd4 72. Nf5+
Kc5 73. Ne3 Rb4 74. Ng2 Rb8 75. Ne3 Rb4 1/2-1/2

[Event "Calvia ol (Women)"]
[Site "Mallorca (Spain)"]
[Date "2004.10.22"]
[Round "7.17"]
[White "Rantanen, Tanja"]
[Black "Le, Kieu Thien Kim"]
[Result "1-0"]
[WhiteElo "2128"]
[BlackElo "2329"]
[PlyCount "51"]
[EventDate "2004.10.15"]

1. e4 d5 2. exd5 Qxd5 3. Nc3 Qa5 4. d4 Nf6 5. Bc4 c6 6. Nf3 Bg4 7. h3 Bh5 8. g4
Bg6 9. Ne5 e6 10. Nxg6 hxg6 11. Bd2 Bb4 12. Qe2 Nd5 13. Bxd5 cxd5 14. a3 Nc6
15. O-O-O Rc8 16. Nb5 Bxd2+ 17. Rxd2 O-O 18. h4 a6 19. Nc3 b5 20. Nb1 b4 21. h5
bxa3 22. Nxa3 Qb6 23. hxg6 Nxd4 24. Qd3 Nb3+ 25. Kd1 Nxd2 26. Rh8+ 1-0

[Event "Calvia ol (Women)"]
[Site "Mallorca (Spain)"]
[Date "2004.10.22"]
[Round "7.17"]
[White "Le, Thi Phuong Lien"]
[Black "Rautanen, Sari"]
[Result "1-0"]
[WhiteElo "2249"]
[BlackElo "1974"]
[PlyCount "53"]
[EventDate "2004.10.15"]

1. e4 d6 2. d4 Nf6 3. Nc3 e5 4. dxe5 dxe5 5. Qxd8+ Kxd8 6. Bg5 Bd6 7. O-O-O
Nbd7 8. Bc4 Ke8 9. Nf3 a6 10. a3 h6 11. Bh4 b5 12. Bd5 Nxd5 13. Nxd5 Nc5 14.
Rhe1 Be6 15. Bg3 Nd7 16. Nh4 Kd8 17. Nf5 Bxf5 18. exf5 Re8 19. Re2 Kc8 20. Red2
Rd8 21. f6 Nxf6 22. Bxe5 Kb7 23. Nxf6 gxf6 24. Bxd6 Rxd6 25. Rxd6 cxd6 26. Rxd6
Rg8 27. g3 1-0

[Event "Calvia ol (Men)"]
[Site "Mallorca (Spain)"]
[Date "2004.10.23"]
[Round "8.27"]
[White "Sammalvuo, Tapani"]
[Black "Rojas, Luis"]
[Result "1/2-1/2"]
[WhiteElo "2438"]
[BlackElo "2385"]
[PlyCount "116"]
[EventDate "2004.10.15"]

1. e4 e6 2. d4 d5 3. Nc3 Bb4 4. e5 c5 5. a3 Bxc3+ 6. bxc3 Qa5 7. Bd2 Qa4 8. Qg4
Kf8 9. Qd1 b6 10. h4 Ba6 11. h5 h6 12. Bxa6 Nxa6 13. Nf3 cxd4 14. cxd4 Qc4 15.
c3 Ne7 16. Qb1 Nc6 17. a4 Na5 18. Rh3 Rb8 19. Qd1 Nc7 20. Nh4 Nb3 21. Ra3 Nxd2
22. Qxd2 b5 23. Rf3 Ke7 24. axb5 Nxb5 25. Ra1 Rb7 26. g4 Rhb8 27. Qd3 Qxd3 28.
Rxd3 Rc8 29. Kd2 Rbc7 30. Rc1 Na3 31. Ra1 Nc4+ 32. Kc1 Rb8 33. Nf3 f6 34. exf6+
gxf6 35. Nd2 Nd6 36. Kc2 Rcb7 37. Re3 Nb5 38. Nb3 Kf7 39. Nc5 Re7 40. Ra6 Rb6
41. Rxb6 axb6 42. Na4 Rb7 43. Re1 Nd6 44. f3 Nc4 45. Nb2 Nd6 46. Kb3 Rc7 47.
Na4 Nc4 48. Rd1 Ra7 49. Rh1 Nd2+ 50. Kb4 Nxf3 51. Nxb6 Nd2 52. c4 Nxc4 53. Nxc4
dxc4 54. Kxc4 Ra5 55. Rf1 Ra4+ 56. Kc5 Ra5+ 57. Kc4 Ra4+ 58. Kc5 Ra5+ 1/2-1/2

[Event "Calvia ol (Men)"]
[Site "Mallorca (Spain)"]
[Date "2004.10.23"]
[Round "8.27"]
[White "Dobson Aguilar, Luis F"]
[Black "Karttunen, Mika"]
[Result "1/2-1/2"]
[WhiteElo "2309"]
[BlackElo "2413"]
[PlyCount "54"]
[EventDate "2004.10.15"]

1. e4 c5 2. Nf3 e6 3. d4 cxd4 4. Nxd4 a6 5. Bd3 Nf6 6. O-O Qc7 7. Qe2 d6 8. f4
g6 9. f5 Bg7 10. fxe6 fxe6 11. c3 Nc6 12. Nxc6 Qxc6 13. Nd2 O-O 14. Nf3 Nh5 15.
Be3 Nf4 16. Bxf4 Rxf4 17. Nd4 Rxf1+ 18. Rxf1 Qe8 19. Bc4 b5 20. Bb3 Ra7 21. Qg4
Re7 22. Qh4 Kh8 23. Qg3 Qd7 24. Qh4 Qe8 25. Qg3 Qd7 26. Qh4 Qe8 27. Qg3 Qd7
1/2-1/2

[Event "Calvia ol (Men)"]
[Site "Mallorca (Spain)"]
[Date "2004.10.23"]
[Round "8.27"]
[White "Molander, Riku"]
[Black "Llorens, Marcelo"]
[Result "1/2-1/2"]
[WhiteElo "2328"]
[BlackElo "2375"]
[PlyCount "47"]
[EventDate "2004.10.15"]

1. e4 c5 2. Nf3 Nc6 3. c3 Nf6 4. e5 Nd5 5. d4 cxd4 6. cxd4 e6 7. Bc4 d6 8. O-O
Be7 9. exd6 Qxd6 10. Nc3 O-O 11. Re1 b6 12. Nxd5 exd5 13. Bb5 Bf6 14. Bg5 Bf5
15. Bxf6 Qxf6 16. Rc1 Na5 17. Ne5 Qd6 18. Qd2 Rac8 19. b4 Rxc1 20. Rxc1 f6 21.
Nc6 Nxc6 22. Rxc6 Qe7 23. Rc1 Qd6 24. Rc6 1/2-1/2

[Event "Calvia ol (Men)"]
[Site "Mallorca (Spain)"]
[Date "2004.10.23"]
[Round "8.47"]
[White "Pukkila, Markku"]
[Black "Yung, Lau"]
[Result "1/2-1/2"]
[WhiteElo "2181"]
[BlackElo "2147"]
[PlyCount "78"]
[EventDate "2004.10.15"]

1. e4 d6 2. d4 Nf6 3. Nc3 g6 4. Nf3 Bg7 5. Bc4 O-O 6. O-O Nxe4 7. Nxe4 d5 8.
Bd3 dxe4 9. Bxe4 Nd7 10. c3 e5 11. Bg5 Bf6 12. Bxf6 Qxf6 13. dxe5 Nxe5 14. Nxe5
Qxe5 15. Re1 Qf6 16. Qb3 Be6 17. Bd5 Bxd5 18. Qxd5 Rad8 19. Qxb7 Rd2 20. Qxa7
Rxb2 21. Qd4 Qxd4 22. cxd4 Rd8 23. Re4 Ra8 24. Kf1 Raxa2 25. Rxa2 Rxa2 26. Re2
Ra1+ 27. Re1 Ra2 28. Rc1 Ra4 29. Rd1 Kf8 30. Ke2 Ke7 31. Ke3 Kd6 32. Rc1 Ra3+
33. Ke4 f5+ 34. Kf4 Rd3 35. Rc4 c6 36. h4 Kd5 37. Rc5+ Kd6 38. Rc4 Kd5 39. Rc5+
Kd6 1/2-1/2

[Event "Calvia ol (Women)"]
[Site "Mallorca (Spain)"]
[Date "2004.10.23"]
[Round "8.16"]
[White "Sammalvuo, Niina"]
[Black "Kachiani-G, Ketino"]
[Result "1/2-1/2"]
[WhiteElo "2282"]
[BlackElo "2441"]
[PlyCount "83"]
[EventDate "2004.10.15"]

1. e4 c6 2. d3 d5 3. Nd2 g6 4. Ngf3 Bg7 5. g3 e5 6. Bg2 Ne7 7. O-O O-O 8. Re1
d4 9. a4 c5 10. Nc4 Nbc6 11. Bd2 h6 12. Kh1 Bg4 13. Qc1 Kh7 14. Ng1 Be6 15. f4
exf4 16. gxf4 f5 17. b3 fxe4 18. dxe4 d3 19. c3 Bxc4 20. bxc4 Na5 21. Rb1 b6
22. e5 Nxc4 23. Nh3 Rc8 24. Re4 Nxd2 25. Qxd2 c4 26. Rb4 Nd5 27. Rbxc4 Nxc3 28.
Rxc8 Qxc8 29. Rd4 Rd8 30. Qxd3 Rxd4 31. Qxd4 Ne2 32. Qd2 Qc1+ 33. Qxc1 Nxc1 34.
Be4 Nb3 35. Kg2 Bf8 36. Ng1 Nc5 37. Bc2 Kg7 38. Ne2 a6 39. Nd4 Be7 40. Kg3 Kf7
41. h3 Kg7 42. Kg4 1/2-1/2

[Event "Calvia ol (Women)"]
[Site "Mallorca (Spain)"]
[Date "2004.10.23"]
[Round "8.16"]
[White "Paehtz, Elisabeth"]
[Black "Rantanen, Tanja"]
[Result "1-0"]
[WhiteElo "2398"]
[BlackElo "2128"]
[PlyCount "67"]
[EventDate "2004.10.15"]

1. Nc3 d5 2. e4 dxe4 3. Nxe4 Bf5 4. Ng3 Bg6 5. Nf3 Nd7 6. d4 e6 7. c3 c6 8. h4
h6 9. h5 Bh7 10. Bd3 Bxd3 11. Qxd3 Qc7 12. Ne4 Ngf6 13. Bd2 O-O-O 14. O-O-O
Nxe4 15. Qxe4 Nf6 16. Qe2 Bd6 17. Kb1 Kb8 18. c4 c5 19. Bc3 Rhe8 20. dxc5 Qxc5
21. Nd4 a6 22. g4 Bf4 23. f3 Rc8 24. b3 b5 25. Qb2 bxc4 26. b4 Qb6 27. Ne2 Bc7
28. g5 hxg5 29. h6 Nd5 30. Bd4 Qxb4 31. Qxb4+ Nxb4 32. hxg7 Nd3 33. Rh8 e5 34.
Rdh1 1-0

[Event "Calvia ol (Women)"]
[Site "Mallorca (Spain)"]
[Date "2004.10.23"]
[Round "8.16"]
[White "Puuska, Heini"]
[Black "Nill, Jessica"]
[Result "1/2-1/2"]
[WhiteElo "2023"]
[BlackElo "2256"]
[PlyCount "53"]
[EventDate "2004.10.15"]

1. d4 d5 2. c4 Nc6 3. e3 e5 4. cxd5 Qxd5 5. Nc3 Bb4 6. a3 Bxc3+ 7. bxc3 Nf6 8.
Nf3 e4 9. Nd2 O-O 10. Qc2 Ne7 11. c4 Qf5 12. Be2 Qg6 13. g3 Bh3 14. Bb2 Qf5 15.
Rg1 Ng6 16. f3 Rfe8 17. f4 Bg4 18. Bxg4 Qxg4 19. Qd1 Qd7 20. Qe2 Qa4 21. Kf2
Ne7 22. g4 Qc2 23. Rab1 b6 24. h4 Rad8 25. h5 Nd7 26. Rgc1 Qa4 27. h6 1/2-1/2

[Event "Calvia ol (Men)"]
[Site "Mallorca (Spain)"]
[Date "2004.10.24"]
[Round "9.32"]
[White "Sammalvuo, Tapani"]
[Black "Wu, Shaobin"]
[Result "0-1"]
[WhiteElo "2438"]
[BlackElo "2504"]
[PlyCount "64"]
[EventDate "2004.10.15"]

1. e4 c5 2. Nf3 d6 3. d4 cxd4 4. Nxd4 Nf6 5. Nc3 a6 6. Be3 e5 7. Nb3 Be6 8. f3
Be7 9. Qd2 O-O 10. O-O-O Nbd7 11. g4 Qc7 12. Kb1 Rfc8 13. g5 Nh5 14. Nd5 Bxd5
15. exd5 Nb6 16. Na5 Nf4 17. Bxf4 exf4 18. Bh3 Re8 19. Qxf4 Bf8 20. Qb4 g6 21.
Rd3 Bg7 22. c4 Re2 23. Rb3 Bd4 24. Bf1 Nxd5 25. Qxb7 Re1+ 26. Kc2 Ne3+ 27. Rxe3
Qxb7 28. Nxb7 Bxe3 29. h4 Bf4 30. Na5 Rae8 31. Nb3 R8e3 32. Nd4 Be5 0-1

[Event "Calvia ol (Men)"]
[Site "Mallorca (Spain)"]
[Date "2004.10.24"]
[Round "9.32"]
[White "Wong, Meng-Kong"]
[Black "Karttunen, Mika"]
[Result "1/2-1/2"]
[WhiteElo "2470"]
[BlackElo "2413"]
[PlyCount "65"]
[EventDate "2004.10.15"]

1. d4 d5 2. c4 c6 3. Nf3 Nf6 4. Qc2 g6 5. Bf4 Bg7 6. e3 O-O 7. Nc3 a6 8. h3 b5
9. c5 Bf5 10. Bd3 Bxd3 11. Qxd3 Nfd7 12. e4 b4 13. Na4 dxe4 14. Qxe4 Nf6 15.
Qc2 Nd5 16. Bg3 Nd7 17. O-O Re8 18. Rfe1 Qa5 19. a3 Qb5 20. axb4 Nxb4 21. Qd2
a5 22. Nc3 Qd3 23. Qf4 Qa6 24. Ng5 Nf6 25. Rad1 h6 26. Nf3 Nh5 27. Qe4 Nxg3 28.
fxg3 Qc4 29. Kh2 e5 30. dxe5 Qxc5 31. Na4 Qb5 32. Nc3 Qc5 33. Na4 1/2-1/2

[Event "Calvia ol (Men)"]
[Site "Mallorca (Spain)"]
[Date "2004.10.24"]
[Round "9.32"]
[White "Maki-Uuro, Miikka"]
[Black "Goh Koon-Jong, Jason"]
[Result "1/2-1/2"]
[WhiteElo "2390"]
[BlackElo "2419"]
[PlyCount "20"]
[EventDate "2004.10.15"]

1. Nf3 d5 2. d4 c6 3. c4 e6 4. Bg5 Be7 5. Bxe7 Qxe7 6. e3 Nd7 7. Nc3 Ngf6 8.
cxd5 exd5 9. Bd3 O-O 10. O-O Re8 1/2-1/2

[Event "Calvia ol (Men)"]
[Site "Mallorca (Spain)"]
[Date "2004.10.24"]
[Round "9.32"]
[White "Goh, Weiming"]
[Black "Molander, Riku"]
[Result "1-0"]
[WhiteElo "2353"]
[BlackElo "2328"]
[PlyCount "107"]
[EventDate "2004.10.15"]

1. e4 d6 2. d4 Nf6 3. Nc3 g6 4. Be3 c6 5. a4 Nbd7 6. Nf3 Bg7 7. Bc4 O-O 8. a5
e5 9. dxe5 dxe5 10. Qd6 Ne8 11. Qa3 Bf6 12. Bh6 Ng7 13. h4 Qe7 14. b4 b5 15.
Ba2 Nb8 16. Nd1 Na6 17. c3 c5 18. Bd5 cxb4 19. cxb4 Nxb4 20. Ne3 Rb8 21. h5 Rd8
22. hxg6 hxg6 23. Kf1 Nh5 24. Qb3 Bb7 25. Bxb7 Rxb7 26. Rb1 Nc6 27. Nd5 Qe6 28.
a6 Rbd7 29. Qxb5 Bg7 30. Bg5 Rb8 31. Qd3 Nb4 32. Qc4 Bf8 33. Kg1 Nxa6 34. Ra1
Nb4 35. Rxh5 Nxd5 36. exd5 Rxd5 37. Rh4 Rb4 38. Qc3 Rxh4 39. Bxh4 e4 40. Re1
Qf5 41. Ng5 Be7 42. Rxe4 Bf6 43. Re8+ Kg7 44. Ne6+ Qxe6 45. Bxf6+ Qxf6 46. Rg8+
Kxg8 47. Qxf6 a5 48. Qc6 Rf5 49. f3 Re5 50. Qc8+ Kh7 51. Qf8 Rf5 52. Kf2 Rf6
53. Qe7 Rf5 54. g4 1-0

[Event "Calvia ol (Men)"]
[Site "Mallorca (Spain)"]
[Date "2004.10.24"]
[Round "9.47"]
[White "Shytaj, Luca"]
[Black "Pukkila, Markku"]
[Result "0-1"]
[WhiteElo "2356"]
[BlackElo "2181"]
[PlyCount "96"]
[EventDate "2004.10.15"]

1. e4 c5 2. Nf3 d6 3. d4 cxd4 4. Nxd4 Nf6 5. Nc3 a6 6. Be3 e5 7. Nb3 Be7 8. f3
Be6 9. Qd2 O-O 10. O-O-O b5 11. g4 b4 12. Nd5 Bxd5 13. exd5 a5 14. Kb1 a4 15.
Nc1 Qa5 16. h4 Nbd7 17. h5 Nb6 18. Bxb6 Qxb6 19. Bd3 Ra5 20. Be4 h6 21. Rhf1
Rc8 22. Qe2 Nxe4 23. fxe4 Bg5 24. Rf3 Ra7 25. Qf2 Qc7 26. Qe2 Ra5 27. c3 Rc5
28. Rdd3 Qd7 29. Rh3 Qb5 30. Qc2 Rc4 31. Rdf3 Qd7 32. Rhg3 Qa7 33. Ne2 Qb6 34.
Nc1 Qc7 35. Qe2 a3 36. Nb3 axb2 37. Kxb2 bxc3+ 38. Kc2 Ra8 39. Nc1 Bd2 40. g5
hxg5 41. h6 g6 42. h7+ Kh8 43. Rxf7 Qxf7 44. Qxc4 Bxc1 45. Rxc3 Bf4 46. Qc6 Qa7
47. a3 Qa4+ 48. Kd3 Qd4+ 0-1

[Event "Calvia ol (Women)"]
[Site "Mallorca (Spain)"]
[Date "2004.10.24"]
[Round "9.20"]
[White "Medic, Mirjana"]
[Black "Sammalvuo, Niina"]
[Result "1-0"]
[WhiteElo "2237"]
[BlackElo "2282"]
[PlyCount "127"]
[EventDate "2004.10.15"]

1. d4 Nf6 2. c4 e6 3. Nc3 Bb4 4. Qc2 c5 5. dxc5 O-O 6. a3 Bxc5 7. Nf3 Qb6 8. e3
Qc7 9. b4 Be7 10. Nb5 Qd8 11. e4 a6 12. Nbd4 d6 13. Bd3 b6 14. O-O Bb7 15. h3
Nbd7 16. Be3 Rc8 17. Qb1 Qc7 18. Rc1 Qb8 19. Ne2 h6 20. Ra2 d5 21. exd5 exd5
22. Ned4 dxc4 23. Rxc4 Nd5 24. Bd2 Ne5 25. Rxc8 Rxc8 26. Nxe5 Qxe5 27. Nf3 Qf6
28. Rc2 Nc3 29. Qc1 Bxf3 30. Rxc3 Rxc3 31. Bxc3 Qd6 32. Bxa6 Be4 33. Qd2 Qc6
34. Bf1 Bg5 35. Qb2 f6 36. b5 Qb7 37. a4 f5 38. Bd4 Bd8 39. Qb3+ Kh7 40. Qe6
Qd5 41. Qxd5 Bxd5 42. Bd3 g6 43. Bc2 Kg8 44. f3 Kf7 45. Kf2 Ke6 46. f4 Bc7 47.
g4 Bc4 48. Ke3 Bd5 49. gxf5+ gxf5 50. h4 h5 51. Bd1 Bd8 52. Bxh5 Bb3 53. Be2
Bxh4 54. a5 bxa5 55. b6 Bd8 56. b7 Bc7 57. Be5 Bb6+ 58. Kd2 Ba7 59. b8=Q Bxb8
60. Bxb8 Kd5 61. Kc3 a4 62. Bd3 Bd1 63. Bxf5 a3 64. Be5 1-0

[Event "Calvia ol (Women)"]
[Site "Mallorca (Spain)"]
[Date "2004.10.24"]
[Round "9.20"]
[White "Rantanen, Tanja"]
[Black "Macek, Vlasta"]
[Result "1-0"]
[WhiteElo "2128"]
[BlackElo "2230"]
[PlyCount "59"]
[EventDate "2004.10.15"]

1. e4 c5 2. c3 Nf6 3. e5 Nd5 4. d4 cxd4 5. Nf3 Nc6 6. Bc4 e6 7. O-O Nb6 8. Bb3
d6 9. exd6 Bxd6 10. cxd4 Ne7 11. Nc3 O-O 12. Bc2 Nbd5 13. Ng5 f5 14. Re1 Rf6
15. Bb3 h6 16. Nf3 Bb8 17. Ne5 a6 18. Qf3 Ba7 19. Rd1 b5 20. Nc6 Nxc6 21. Nxd5
Rf8 22. Nb4 Nxb4 23. Qxa8 Qb6 24. Qf3 Bb7 25. Qg3 Kh7 26. Bf4 Nd5 27. Bd6 Ra8
28. Be5 Rg8 29. Rac1 Qd8 30. Bxd5 1-0

[Event "Calvia ol (Women)"]
[Site "Mallorca (Spain)"]
[Date "2004.10.24"]
[Round "9.20"]
[White "Jelica, Mara"]
[Black "Puuska, Heini"]
[Result "1/2-1/2"]
[WhiteElo "2252"]
[BlackElo "2023"]
[PlyCount "61"]
[EventDate "2004.10.15"]

1. e4 e6 2. d4 d5 3. Nd2 dxe4 4. Nxe4 Bd7 5. Nf3 Bc6 6. Bd3 Nd7 7. O-O Ngf6 8.
Qe2 Nxe4 9. Bxe4 Bxe4 10. Qxe4 c6 11. c4 Be7 12. Bf4 O-O 13. Be5 Nxe5 14. dxe5
Qb6 15. b3 Rfd8 16. Rad1 h6 17. h4 Bc5 18. Rde1 Rd7 19. g4 g6 20. Qf4 Bf8 21.
Kg2 Rad8 22. Re3 Rd1 23. Rxd1 Rxd1 24. h5 g5 25. Nxg5 hxg5 26. Qxg5+ Kh7 27.
Rf3 Qc7 28. Qf6 Rd7 29. g5 Bg7 30. g6+ Kg8 31. gxf7+ 1/2-1/2